Nghiên cứu biện pháp kỹ thuật xử lý ra hoa sớm cho măng cụt (Garcinia mangostana L.) ở miền Đông Nam Bộ /

Guardado en:
Detalles Bibliográficos
Autor principal: Nguyễn An Đệ.
Otros Autores: Bùi Xuân Khôi., Lê Quang Hưng.
Formato: Artículo
Lenguaje:Vietnamese
Materias:
Etiquetas: Agregar Etiqueta
Sin Etiquetas, Sea el primero en etiquetar este registro!
Thư viện lưu trữ: Thư viện Trường Đại học Đà Lạt
LEADER 00914nam a2200277 4500
001 DLU190193143
005 ##20191025
040 # # |a DLU  |b vie 
041 # # |a vie 
044 # # |a vn 
100 # # |a Nguyễn An Đệ. 
245 # # |a Nghiên cứu biện pháp kỹ thuật xử lý ra hoa sớm cho măng cụt (Garcinia mangostana L.) ở miền Đông Nam Bộ /  |c Nguyễn An Đệ, ...[và những người khác]. 
653 # # |a Măng cụt 
653 # # |a Mô hình 
653 # # |a Ra hoa sớm 
700 # # |a Bùi Xuân Khôi. 
700 # # |a Lê Quang Hưng. 
773 # # |t Nông nghiệp & Phát triển nông thôn  |g Số 318, 2017, tr. 66-72 
920 # # |a Phòng Tạp chí -- Trung tâm Thông tin - Thư viện Trường Đại học Đà Lạt 
900 # # |a True 
911 # # |a Nguyễn Thị Thu Phương 
925 # # |a G 
926 # # |a A 
927 # # |a BB 
980 # # |a Thư viện Trường Đại học Đà Lạt